000 00455nam a22001337a 4500
999 _c6971
_d6971
008 200408b ||||| |||| 00| 0 eng d
020 _a0856-41815
100 _aMUTAGWABA, Wilson
245 _aThe impact of technology on poverty alleviation
_bThe case of artisanal mining in Tanzania
_cWilson Mutagwala at...al
_hEnglish
260 _aDrar Es Salaam
_bResearch on Poverty Alleviation
_c1997
300 _a74p.
_c27cm
650 _2Repoa
942 _2ddc
_cBOOKS